Reglamento de la Asociación de Socorros Mutuos para la redención del servicio personal de las armas creada en el pueblo de Papiol
Descripción Física:
15 p. : 2 f. ; 15 cm
MARC
| LEADER | 00000nam a2200000Ia 4500 | ||
|---|---|---|---|
| 001 | 17535 | ||
| 003 | BGR | ||
| 005 | 20260410113638.0 | ||
| 008 | 160829s1853 xx 000 0 cat d | ||
| 080 | |a RF-2-6 | ||
| 110 | 2 | |a Asociación de Socorros Mutuos (El Papiol) |9 70533 | |
| 245 | |a Reglamento de la Asociación de Socorros Mutuos para la redención del servicio personal de las armas creada en el pueblo de Papiol | ||
| 260 | |a Barcelona : |b Impr. de Francisco Sanchez, |c 1853 | ||
| 300 | |a 15 p. : |b 2 f. ; |c 15 cm | ||
| 590 | |a Prové de 378, exp. 1 | ||
| 650 | 0 | |a Mutualitats |x Estatuts |9 25929 | |
| 651 | 0 | |a Papiol, El |9 50664 | |
| 856 | 4 | |u https://media.diba.cat/diba/fitxers/arxiu/fulletons/bib_17535_1853_baixa.pdf |y Accés lliure | |
| 856 | 4 | |u https://media.diba.cat/diba/fitxers/arxiu/fulletons/bib_17535_1853_baixa.pdf |y Accés lliure | |
| 900 | |a bib_17535_1853_baixa.pdf | ||
| 901 | |a Arxiu | ||
| 942 | |n 1 |2 udc |c MON | ||
| 952 | |0 0 |1 0 |4 0 |6 RF26 |7 1 |9 53298 |a Arxiu |b Arxiu |d 2016-12-01 |l 0 |o RF-2-6 |p 17535 |r 2016-12-01 00:00:00 |w 2016-12-01 |y ARXIU | ||
| 999 | |c 57162 |d 57162 | ||